00441cam a2200157ua 45000010005000000080039000050400009000440820011000531000019000642450070000832500009001532600038001623000017002006530014002176530052002311832110811n ii |||gr||||Z||||||asm cMAIN a370.54 aKonwar, Utpal,1 aAdhunik bharatia shiksha aru eyar samasya samuhcby Utpal, Konwar a2nd. aGuahati:bLawyers Book stall,996. a262p:c23cm. aEducation aAdhunik bharatia shiksha aru eyar samasya samuh